01124 2200313 4500001002100000005001500021035002000036007000300056008004100059082001800100084002400118100002700142245013600169250001200305300003800317650005200355650004900407650004100456650005100497700002400548700003800572700003500610700002900645264004900674336002100723337003000744338002300774990001300797INLIS00000000111968220221103024043 a0010-1122000077ta221103 0 ind a641.595 981 3 a641.595 981 3 IND k0 aIndra CatriePengarang1 aKuliner Rang Agam :bMakanan Khas Kabupaten Agam /cIndra Catri, Welfizar, Hendrick Kasmadiharja, Wendry Desya Putra, Wary Fornando aedisi 1 a167 Halaman :bilustrasi ;c28 cm 4aMakanan - kabupaten Agam Sumatera Barat Makanan 4aTradisional -- Kabupaten Agam Sumatera Barat 4aFood - Agam district of West Sumatra 4aTraditional Food -- Agam Regency, West Sumatra0 aWelfizarePengarang0 aHendrick KasmadiharjaePenyunting0 aWendry Desya PutraePenyunting0 aWary FornandoePengarang aAgam :bBadan Perencanaan Pembangunan Daerah 2rdacontentaTeks 2rdamediaaTanpa Perantara 2rdacarrieraVolume a22/00388